| 000 | 00429nam a2200181Ia 4500 | ||
|---|---|---|---|
| 001 | 619 | ||
| 005 | 20260306140531.0 | ||
| 008 | 260306t2014||||xx |||||||||||||| ||spa|| | ||
| 041 | _aESP | ||
| 082 |
_a128 _bS21 |
||
| 100 |
_aSanguineti, Juan José, _eAUT |
||
| 245 | 0 | _aNeurociencia y filosofía del hombre | |
| 260 | _c2014 | ||
| 300 |
_a396 páginas : _c22 cm. |
||
| 650 | _aGEN | ||
| 654 | _aCHU | ||
| 942 |
_cLIB _dJUS _fJUS _2ddc _n |
||
| 999 |
_c619 _d619 |
||